000 00272nam a2200121 a 4500
008 100921s1975|||| d
245 1 0 _aRodná strecha
100 1 _aFajzi, Rachmat
260 _bSmena
_aBratislava
_c1975
020 _c27
044 _axo
_cSK
041 _aslo
999 _c10581
_d10581